| 000 | 00383nam a2200145Ia 4500 | ||
|---|---|---|---|
| 008 | 230917s9999||||xx |||||||||||||| ||und|| | ||
| 040 |
_e115523 _aMAIN |
||
| 041 | _aEnglish | ||
| 082 | _a510 M912A | ||
| 100 | _aMuller Claus | ||
| 245 | 0 | _aAnalysis of spherocal symmetries in euclidean apaces | |
| 260 |
_aNew York _bSpringer-Verlag _c1998 |
||
| 300 | _aviii, 223 p. | ||
| 942 | _cBK | ||
| 999 |
_c141650 _d141650 |
||